[Event "Remote Pyramide email"]
[Site "Remote email"]
[Date "2014.01.13"]
[Round "?"]
[White "Guenschmann, Martin"]
[Black "Fam, Rudolf"]
[Result "0-1"]
[WhiteElo "2043"]
[BlackElo "2322"]
[PlyCount "90"]
[EventDate "2014.??.??"]
[EventType "tourn (corr)"]
[EventRounds "6"]
[EventCountry "GER"]
[SourceTitle "Corr 2015"]
[Source "ChessBase"]
[SourceDate "2015.07.17"]
[SourceVersion "1"]
[SourceVersionDate "2015.07.17"]
[SourceQuality "1"]

1. g4 d5 2. g5 e5 3. h4 h6 4. d4 e4 5. Nh3 hxg5 6. Bxg5 f6 7. Bf4 Rxh4 8. Nc3 g5 9. Bg3 Rh7 10. f3 Bd6 11. Bf2 Bf5 12. fxe4 dxe4 13. Qd2 g4 14. Rg1 Bh2 15. Rh1 Qd6 16. e3 a6 17. Nf4 Bxf4 18. Rxh7 Bxh7 19. exf4 Nd7 20. f5 Bxf5 21. 0-0-0 Ne7 22. Qe3 Nb6 23. Nxe4 Bxe4 24. Qxe4 f5 25. Qe2 0-0-0 26. c4 Kb8 27. d5 Nbc8 28. Bd4 Qh6+ 29. Qd2 f4 30. Re1 Rf8 31. Bd3 g3 32. Be5 Ng6 33. Bd4 Nh4 34. Re6 Qg5 35. Be2 g2 36. Bg1 Qg3 37. Bd1 f3 38. Qf2 Qg5+ 39. Kb1 Ng6 40. Bxf3 Nh4 41. Re8 Rxe8 42. Bd1 Rf8 43. Qxf8 Qd2 44. Bg4 Qd3+ 45. Kc1 Qf1+ 0-1